Islas Más Grandes - Estadísticas

Estadísticas generales
  • Esta prueba ha sido intentada 24 veces
  • La puntuación promedio es 5 de 10
Estadísticas de respuestas
País / Países Isla % Correcto
Madagascar Madagascar
96%
Dinamarca Groenlandia
91%
Reino Unido Gran Bretaña
78%
Malasia / Indonesia / Brunei Borneo
70%
Papúa Nueva Guinea / Indonesia Nueva Guinea
52%
Indonesia Sumatra
48%
Japón Honshu
39%
Canadá Baffin
26%
Canadá Isla de Ellesmere
0%
Canadá Isla Victoria
0%
No se encontraron pruebas coincidentes
Distribución de puntuación
Porcentaje de gente con cada puntuación
Porcentaje por número respondido
Historial de tus puntuaciones
No has intentado esta prueba.